000 00688nam a22002057a 4500
003 OSt
005 20230112122737.0
008 230112b |||||||| |||| 00| 0 eng d
040 _cBiblioteca Lado V
082 _a708
_bM385e
100 _984
_aMartinez, Rosa
_ecurador
245 _aEvrensel Yabancilar Universal Strangers/9
260 _aAlemania
_c2003
_bBORUSAN Culture and Art Center
300 _a24p.
_c30x30cm
650 _2Tesauro de Arte & Arquitectura
_aARTE VISUAL
650 _2Tesauro de Arte & Arquitectura
_aARTE
650 _2Tesauro de Arte & Arquitectura
_aALEMANIA
700 _aNoorthoorn, Victoria
_ecurador
942 _2ddc
_c1
_h708
_iM385e
_n0
999 _c2748
_d2748